Представление документа в формате RUSMARC

ПолеНазваниеЗначение
  Тип записи i
  Библиографический уровень m
001 Контрольный номер RU/IS/BASE/357384366
005 Дата корректировки 20260121145757.0
010 Индекс ISBN __
a ISBN 978-5-9677-0618-9
101 Язык документа 0_
a Язык текста rus
200 Заглавие и сведения об ответственности 1_
a Заглавие Король Артур и рыцари Круглого стола
e Сведения, относящиеся к заглавию легенды и сказания : [спектакль-легенда : с муз. сопровождением]
f Первые сведения об ответственности [инсценировка Нины Гарской ; музык. оформление Даримы Шагдарон ; звукорежиссер записи Н. Чибисова ; действующие лица и исполнители: Анатолий Гузенко и др.]
b Общее обозначение материала Звукозапись
210 Выходные данные 1_
a Место издания М.
c Издательство 1С-Паблишинг
d Дата издания 2007
215 Физическое описание __
a Объем 1 электрон. опт. диск (Audio CD) (1 ч. 21 мин.)
225 Серия 2_
a Серия 1С: Аудиокниги
300 Общие примечания __
a Общие примечания MS Windows ; Pentium 100 ; RAM 16 Mb ; SVGA 800x600 ; CD-ROM ; звуковая карта ; колонки ; наушники ; мышью - Аудиосистемы с поддержокй формата MP3 ; MPEG-1 Layer-3 (mp3) ; 256 kbps ; 16 bit ; 44.1 kHz ; stereo. - Запись 1982 г. - Из архива "Фирмы Мелодия"
323 Примечание о главных создателях, исполнителях, участниках __
a Примечание о главных создателях, исполнителях, участниках Гущенко, А. (Король Артур)
a Примечание о главных создателях, исполнителях, участниках Архипова, Н. (Гвиневера)
a Примечание о главных создателях, исполнителях, участниках Васильев, Ю. (Ланселот)
a Примечание о главных создателях, исполнителях, участниках Ашваров, Ю. (Мерлин, Пелинор)
a Примечание о главных создателях, исполнителях, участниках Весник, Е. (Кэй, Мадор, Мордред)
a Примечание о главных создателях, исполнителях, участниках Мурина, Т. (Моргана, Паж, 1-я леди)
a Примечание о главных создателях, исполнителях, участниках Харыбина, В. (2-я леди)
a Примечание о главных создателях, исполнителях, участниках Гарская, Н. (Фея Нинева)
a Примечание о главных создателях, исполнителях, участниках Державин, М. (Гавейн)
a Примечание о главных создателях, исполнителях, участниках Графкин, Е. (Глашатай)
a Примечание о главных создателях, исполнителях, участниках Овечкин, А. (Унтер, Пендрагон, Посол, Гай)
a Примечание о главных создателях, исполнителях, участниках Александров, Р. (Эктор, Архиепископ)
a Примечание о главных создателях, исполнителях, участниках Ткачук, Р. (Борс, Отшельник, Садовник)
a Примечание о главных создателях, исполнителях, участниках Ушаков, В, (Луций, Агравейн)
330 Аннотация __
a Аннотация Благородство, честь, бесстрашие и отвага, преданность, дружба, любовь прекрасной дамы. Все эти понятия неразрывно связаны с рыцарством. Как появились рыцари? Кто были эти люди? Любой ли человек мог стать рыцарем? Аудиокнига представляет собой переложение цикла легенд о знаменитом короле бриттов Артуре и о подвигах рыцарей Круглого стола.
333 Примечание о целевом назначении __
a Примечание о целевом назначении 12+. Для детей старше 12 лет
606 Тематические рубрики __
a Основная рубрика Музыка и зрелищные искусства
606 Тематические рубрики __
a Основная рубрика Художественное радиовещание
610 Ключевые слова 0_
a Ключевые слова легенды; радиоспектакли; радиопостановки; инсценировки; тема фольклора; тема Англии; тема рыцарей; король Артур; тема любви; тема приключений; тема человека
686 Индексы других классификаций __
a Классификационный индекс ст85.38я04
702 Вторичная интеллектуальная ответственность _1
a Фамилия Гарская
b Имя Н.
4 Код отношения Инсценировка
702 Вторичная интеллектуальная ответственность _1
a Фамилия Шагдарон
b Имя Д.
4 Код отношения Музыкальное оформление
702 Вторичная интеллектуальная ответственность _1
a Фамилия Чибисова
b Имя Н.
4 Код отношения Звукорежиссер
801 Источник записи _0
a Страна RU
b Организация Муниципальное бюджетное учреждение культуры "Централизованная библиотечная система" г. Сургут (Центральная городская библиотека им. А. С. Пушкина)
801 Источник записи _1
a Страна RU
b Организация Муниципальное бюджетное учреждение культуры "Централизованная библиотечная система" г. Сургут (Центральная городская библиотека им. А. С. Пушкина)
852 Данные о местонахождении __
j Шифр хранения ст85.38я04
i Авторский знак К 68
901 Тип документа __
t Тип документа 0
969 Тип издания __
a Тип издания аудиоспектакль
990 Данные о заказе (DOS) __
j Количество экземпляров (DOS) #